[Event "Windsor NAYCC U14 Girls"]
[Site "Windsor"]
[Date "2016.08.11"]
[Round "8.56"]
[White "John, Namitha Elsa"]
[Black "Li, Jewel"]
[Result "1/2-1/2"]
[WhiteElo "1091"]
[BlackElo "980"]
[PlyCount "72"]
[EventDate "2016.08.07"]
[EventType "swiss"]
[EventRounds "9"]
[EventCountry "CAN"]
[SourceTitle "EXT 2022"]
[Source "ChessBase"]
[SourceDate "2021.10.06"]
[SourceVersion "1"]
[SourceVersionDate "2021.10.06"]
[SourceQuality "1"]

1. e4 e5 2. Nf3 Nc6 3. Bc4 Bc5 4. d3 Nf6 5. Bg5 0-0 6. Nc3 h6 7. Bh4 d6 8. h3 Be6 9. Bb3 Nd4 10. Nxd4 Bxd4 11. Nd5 Bxd5 12. Bxd5 c6 13. c3 cxd5 14. cxd4 exd4 15. Rc1 dxe4 16. dxe4 Qa5+ 17. Kf1 Qb5+ 18. Kg1 g5 19. Qxd4 Nxe4 20. Qxe4 gxh4 21. Qxh4 Qxb2 22. Kh2 Rfd8 23. Rc7 d5 24. Re1 Qb6 25. Ree7 Qd6+ 26. g3 Rac8 27. Rxb7 Rc4 28. Qh5 Qg6 29. Qf3 Rf8 30. Qxd5 Rc2 31. Qf3 Rxa2 32. h4 Ra5 33. g4 Ra4 34. Kh3 Rd4 35. h5 Qg7 36. Qf5 Rd6 1/2-1/2

[Event "CAN-ch U14 Girls"]
[Site "Windsor"]
[Date "2016.07.07"]
[Round "4.47"]
[White "John, Namitha Elsa"]
[Black "Kathirkamar, Janani"]
[Result "0-1"]
[WhiteElo "1016"]
[BlackElo "1414"]
[PlyCount "130"]
[EventDate "2016.07.05"]
[EventType "swiss"]
[EventRounds "7"]
[EventCountry "CAN"]
[SourceTitle "EXT 2022"]
[Source "ChessBase"]
[SourceDate "2021.10.06"]
[SourceVersion "1"]
[SourceVersionDate "2021.10.06"]
[SourceQuality "1"]

1. e4 e5 2. Nf3 Nc6 3. Bc4 Bc5 4. 0-0 Nf6 5. Nc3 d6 6. h3 0-0 7. d3 h6 8. Be3 Bb6 9. Qd2 Nd4 10. Bxd4 exd4 11. Ne2 c5 12. c3 dxc3 13. bxc3 Bc7 14. Ng3 a6 15. a4 b6 16. Bd5 Nxd5 17. exd5 Bb7 18. c4 b5 19. Rab1 Rb8 20. axb5 Ba5 21. Qf4 axb5 22. Rxb5 Bb4 23. Nf5 Qf6 24. g4 Rfd8 25. Qg3 Kh7 26. d4 Ba6 27. Rxb8 Rxb8 28. Nxd6 Rd8 29. dxc5 Bxc5 30. Ne4 Qb6 31. Qh4 Bxc4 32. Nxc5 Bxf1 33. Kxf1 Qb5+ 34. Kg2 Rxd5 35. Ne4 Qc6 36. g5 Ra5 37. gxh6 gxh6 38. Nf6+ Kg7 39. Nh5+ Kg6 40. Qg4+ Rg5 41. Kh2 Rxg4 42. Ne5+ Kg5 43. Nxc6 Rc4 44. Ne5 Re4 45. Nxf7+ Kxh5 46. Kg3 Re7 47. Nd6 Kg5 48. f4+ Kf6 49. Kg4 Re6 50. Nf5 h5+ 51. Kxh5 Kxf5 52. h4 Re8 53. Kh6 Rh8+ 54. Kg7 Rxh4 55. Kg8 Rxf4 56. Kg7 Kg5 57. Kh7 Ra4 58. Kg8 Ra7 59. Kf8 Kf6 60. Ke8 Ke6 61. Kd8 Rh7 62. Kc8 Kd6 63. Kb8 Kc6 64. Ka8 Kb6 65. Kb8 Rh8# 0-1

[Event "CAN-ch U14 Girls"]
[Site "Windsor"]
[Date "2016.07.06"]
[Round "3.48"]
[White "Schwartz, Leah"]
[Black "John, Namitha Elsa"]
[Result "1/2-1/2"]
[WhiteElo "1224"]
[BlackElo "1016"]
[PlyCount "81"]
[EventDate "2016.07.05"]
[EventType "swiss"]
[EventRounds "7"]
[EventCountry "CAN"]
[SourceTitle "EXT 2022"]
[Source "ChessBase"]
[SourceDate "2021.10.06"]
[SourceVersion "1"]
[SourceVersionDate "2021.10.06"]
[SourceQuality "1"]

1. d4 d5 2. c4 c6 3. cxd5 cxd5 4. Nc3 Nf6 5. Bf4 Bf5 6. e3 e6 7. Bd3 Bxd3 8. Qxd3 Bb4 9. Nf3 Nc6 10. 0-0 Rc8 11. Bg5 h6 12. Bh4 0-0 13. Ne5 Be7 14. Rac1 Nxe5 15. dxe5 Nd7 16. Bxe7 Qxe7 17. Rfd1 Nxe5 18. Qe2 Qh4 19. Rd4 Qe7 20. Qh5 Ng6 21. Rg4 b5 22. Rf1 b4 23. Ne2 Qc7 24. h3 Kh7 25. Rxb4 Qc2 26. Nd4 Qd2 27. a3 Rc7 28. Kh2 e5 29. Rd1 Qxf2 30. Nf5 Rc2 31. Qg4 Rfc8 32. Rb7 Kg8 33. h4 R8c4 34. Qg3 Qxf5 35. Kg1 Re2 36. Rf1 Qh5 37. Rfxf7 Rc1+ 38. Kh2 Qxh4+ 39. Qh3 Qxh3+ 40. Kxh3 Rxe3+ 41. Kh2 1/2-1/2

[Event "CAN-ch U14 Girls"]
[Site "Windsor"]
[Date "2015.07.09"]
[Round "6.50"]
[White "John, Namitha Elsa"]
[Black "Jiang, Jennifer"]
[Result "1-0"]
[WhiteElo "911"]
[BlackElo "735"]
[PlyCount "85"]
[EventDate "2015.07.06"]
[EventType "swiss"]
[EventRounds "7"]
[EventCountry "CAN"]
[SourceTitle "EXT 2022"]
[Source "ChessBase"]
[SourceDate "2021.10.06"]
[SourceVersion "1"]
[SourceVersionDate "2021.10.06"]
[SourceQuality "1"]

1. e4 e5 2. Nf3 Nc6 3. Bc4 Bc5 4. 0-0 Nf6 5. Nc3 0-0 6. d3 d6 7. h3 Be6 8. Bb3 Re8 9. Bg5 h6 10. Be3 b6 11. Qd2 Nd4 12. Bxe6 Rxe6 13. Bxd4 exd4 14. Ne2 Re7 15. b4 Bxb4 16. Qxb4 c5 17. Qd2 Rc8 18. Rac1 Qd7 19. c3 d5 20. e5 Nh7 21. Rc2 dxc3 22. Nxc3 d4 23. Ne4 Re6 24. Rfc1 Rg6 25. Kf1 f6 26. a3 Ng5 27. Nh4 Nf3 28. Nxf3 f5 29. Nd6 Rf8 30. Qf4 a5 31. Nh4 Rg5 32. Rb2 Qc6 33. Ndxf5 Qb7 34. Rxc5 g6 35. Nxh6+ Kg7 36. Qxg5 Rh8 37. Qxg6+ Kf8 38. Qf6+ Ke8 39. Qxh8+ Kd7 40. Qh7+ Ke6 41. Qxb7 bxc5 42. f4 c4 43. Rb6# 1-0